| 000 | 00690nam a2200241Ia 4500 | ||
|---|---|---|---|
| 003 | OSt | ||
| 005 | 20220927105708.0 | ||
| 006 | a|||||r|||| 00| 0 | ||
| 007 | ta | ||
| 008 | 220926b |||||||| |||| 00| 0 eng d | ||
| 024 | _a201002 | ||
| 037 | _cReference Collections | ||
| 040 |
_aRTL _cRTL _beng |
||
| 041 |
_2eng _aeng |
||
| 082 | _a"w2,N7, L2/RR" | ||
| 100 |
_aSharma Jagdish Saran _9352134 |
||
| 245 | 0 | _aNational Biographical Dictionary of India | |
| 260 |
_aNew _bDelhi Sterling Publisher _c1972 |
||
| 300 |
_a302p _ccm. |
||
| 500 | _aBibliography: P 545-47 | ||
| 942 |
_h"w2,N7, L2/RR" _cCC |
||
| 999 |
_c693945 _d693945 |
||